00542nam a2200181 4500020001800000082001800018100001700036245005400053250000600107260003500113300001000148650002000158650002300178650002500201942000700226999001900233952010800252 a9789393969354 a001.42bASH/R aAshok D'Cruz aResearch and publication ethics/cby Ashok D'Cruz a8 aKozhikode:bAtma Books,c2025. a199p. aResearch Ethics aPublication Ethics aResearch Methodology cBK c181898d181898 00104070aSSUSbSSUScSTACKSd2026-06-01g400.00l0o001.42 ASH/Rp109029r2026-06-01w2026-06-01yBK